[Event "Hong Kong-ch qual"]
[Site "Hong Kong"]
[Date "2013.04.15"]
[Round "9"]
[White "Yeung, Chun Keung"]
[Black "Limbu, Purna Ram Senehang"]
[Result "1/2-1/2"]
[WhiteElo "1876"]
[BlackElo "1731"]
[PlyCount "63"]
[EventDate "2013.01.28"]
[EventType "swiss"]
[EventRounds "9"]
[EventCountry "HKG"]
[SourceTitle "EXT 2015"]
[Source "ChessBase"]
[SourceDate "2014.11.20"]
[SourceVersion "1"]
[SourceVersionDate "2014.11.20"]
[SourceQuality "1"]

1. e4 e5 2. Nf3 Nc6 3. Bb5 Nf6 4. 0-0 Be7 5. Re1 d6 6. c3 0-0 7. h3 Bd7 8. d4 a6 9. Ba4 Qe8 10. Bc2 h6 11. Nbd2 Rd8 12. Nf1 Nh7 13. Ng3 Ng5 14. Nxg5 Bxg5 15. Bxg5 hxg5 16. Qh5 Qe7 17. Nf5 Bxf5 18. exf5 Qf6 19. h4 gxh4 20. Re4 Rfe8 21. Rxh4 Kf8 22. g4 e4 23. d5 Ne7 24. Bxe4 Ng6 25. g5 Rxe4 26. gxf6 Rxh4 27. fxg7+ Kxg7 28. Qg5 Rdh8 29. Qg2 R4h6 30. Kf1 Rh2 31. fxg6 Rxg2 32. Kxg2 1/2-1/2

[Event "Hong Kong-ch qual"]
[Site "Hong Kong"]
[Date "2013.02.18"]
[Round "3"]
[White "Yeung, Chun Keung"]
[Black "Dumalaog, Arturo Lim"]
[Result "0-1"]
[WhiteElo "1876"]
[BlackElo "2123"]
[PlyCount "64"]
[EventDate "2013.01.28"]
[EventType "swiss"]
[EventRounds "9"]
[EventCountry "HKG"]
[SourceTitle "EXT 2015"]
[Source "ChessBase"]
[SourceDate "2014.11.20"]
[SourceVersion "1"]
[SourceVersionDate "2014.11.20"]
[SourceQuality "1"]

1. e4 c6 2. d4 d5 3. Nd2 dxe4 4. Nxe4 Bf5 5. Ng3 Bg6 6. h4 h6 7. Nf3 Nd7 8. h5 Bh7 9. Bd3 Bxd3 10. Qxd3 Ngf6 11. Bf4 e6 12. 0-0-0 Be7 13. c4 Qa5 14. Kb1 0-0 15. Qe2 Rfe8 16. Ne5 Bf8 17. Ne4 Nxe4 18. Nxd7 Qf5 19. Qc2 Qxf4 20. f3 Nf6 21. Nxf8 Rxf8 22. Qc3 b5 23. cxb5 cxb5 24. Qc5 a6 25. Qe5 Qxe5 26. dxe5 Nd5 27. g4 Rfd8 28. Rdf1 Nf4 29. Rfg1 Kf8 30. g5 Ke7 31. gxh6 gxh6 32. Rg4 Ne2 0-1

[Event "Hong Kong op"]
[Site "Hong Kong"]
[Date "2011.10.01"]
[Round "2"]
[White "Yeung, Chun Keung"]
[Black "Scott, Ian"]
[Result "1/2-1/2"]
[WhiteElo "1884"]
[BlackElo "1654"]
[PlyCount "71"]
[EventDate "2011.10.01"]
[EventType "swiss"]
[EventRounds "7"]
[EventCountry "HKG"]
[SourceTitle "EXT 2024"]
[Source "ChessBase"]
[SourceDate "2023.10.10"]
[SourceVersion "1"]
[SourceVersionDate "2023.10.10"]
[SourceQuality "1"]

1. e4 e5 2. Nf3 Nc6 3. d4 exd4 4. Nxd4 Bb4+ 5. c3 Bc5 6. Nxc6 bxc6 7. Bc4 Qf6 8. 0-0 Ne7 9. Nd2 0-0 10. Qf3 Qxf3 11. Nxf3 d5 12. Bd3 Ng6 13. h3 Bd6 14. Re1 Re8 15. Bd2 Bb7 16. exd5 cxd5 17. Bb5 c6 18. Ba4 Kf8 19. Nd4 Rxe1+ 20. Rxe1 Rc8 21. Nf5 Bb8 22. Be3 f6 23. Bc5+ Kf7 24. Bxa7 Bc7 25. Bc5 Rd8 26. Nd4 Bd6 27. Bb6 Rc8 28. Re6 Be5 29. Bxc6 Bxc6 30. Rxc6 Re8 31. Bc7 Ne7 32. Rc5 Rc8 33. Bb6 Rb8 34. Ba5 Rxb2 35. g3 Rxa2 36. Rb5 1/2-1/2